ادارة منظومات العمل الذكية واثرها على تنمية قدرات العاملين في دائرة الجمارك الاردنية = Management Of Smart Work Systems and Their Impact on Developing the Capabilities of Employee in the Jordanian Customs Department / (Record no. 33272)
[ view plain ]
| 000 -LEADER | |
|---|---|
| fixed length control field | 01334nam a22002177a 4500 |
| 003 - CONTROL NUMBER IDENTIFIER | |
| control field | JO-AjAnu |
| 005 - DATE AND TIME OF LATEST TRANSACTION | |
| control field | 20240625131800.0 |
| 008 - FIXED-LENGTH DATA ELEMENTS--GENERAL INFORMATION | |
| fixed length control field | 231211b jo ||||| |||| 00| 0 ara d |
| 040 ## - CATALOGING SOURCE | |
| Original cataloging agency | JO-AjAnu |
| Language of cataloging | ARA |
| Transcribing agency | JO-AjAnu |
| 041 ## - LANGUAGE CODE | |
| Language code of text/sound track or separate title | ARA |
| 050 ## - LIBRARY OF CONGRESS CALL NUMBER | |
| Classification number | HD38.7 2023 |
| 100 #1 - MAIN ENTRY--PERSONAL NAME | |
| Personal name | بني هاني، عبد الباسط محمد |
| 9 (RLIN) | 64910 |
| Relator term | معد |
| 245 00 - TITLE STATEMENT | |
| Title | ادارة منظومات العمل الذكية واثرها على تنمية قدرات العاملين في دائرة الجمارك الاردنية = Management Of Smart Work Systems and Their Impact on Developing the Capabilities of Employee in the Jordanian Customs Department / |
| Remainder of title | |
| Statement of responsibility, etc. | اعداد عبد الباسط محمد بني هاني ؛ اشراف هشام علي شطناوي، قدري سليمان الشكري |
| 260 ## - PUBLICATION, DISTRIBUTION, ETC. | |
| Place of publication, distribution, etc. | عجلون، الاردن : |
| Name of publisher, distributor, etc. | جامعة عجلون الوطنية، |
| Date of publication, distribution, etc. | 2023 |
| 300 ## - PHYSICAL DESCRIPTION | |
| Extent | 87 ورقة |
| 504 ## - BIBLIOGRAPHY, ETC. NOTE | |
| Bibliography, etc. note | رسالة جامعية (ماجستير) .- جامعة عجلون الوطنية (عجلون، الأردن)، كلية ادارة الاعمال، قسم ادارة الاعمال، 2023<br/> |
| 650 70 - SUBJECT ADDED ENTRY--TOPICAL TERM | |
| Topical term or geographic name entry element | ادارة الاعمال - ذكاء الاعمال |
| 9 (RLIN) | 64917 |
| 700 #1 - ADDED ENTRY--PERSONAL NAME | |
| Personal name | شطناوي،هشام علي |
| 9 (RLIN) | 64865 |
| Relator term | مشرف |
| 700 #1 - ADDED ENTRY--PERSONAL NAME | |
| Personal name | الشكري، قدري سليمان |
| 9 (RLIN) | 64918 |
| Relator term | مشرف |
| 942 ## - ADDED ENTRY ELEMENTS (KOHA) | |
| Source of classification or shelving scheme | Library of Congress Classification |
| Koha item type | Thesis |
| Suppress in OPAC | No |
| Withdrawn status | Lost status | Source of classification or shelving scheme | Damaged status | Not for loan | Home library | Current library | Date acquired | Total Checkouts | Full call number | Barcode | Date last seen | Price effective from | Koha item type |
|---|---|---|---|---|---|---|---|---|---|---|---|---|---|
| Library of Congress Classification | مكتبة جامعة عجلون الوطنية | مكتبة جامعة عجلون الوطنية | 25/06/2024 | HD38.7 2023 | A29744 | 11/12/2023 | 25/06/2024 | Thesis | |||||
| Library of Congress Classification | مكتبة جامعة عجلون الوطنية | مكتبة جامعة عجلون الوطنية | 11/12/2023 | HD38.7 2023 | A29743 | 11/12/2023 | 11/12/2023 | Thesis |